Break the accident chain by safety inspection (Record no. 72194)

MARC details
000 -LEADER
fixed length control field 00897cam a2200193 4500
001 - CONTROL NUMBER
control field ABS66435
008 - FIXED-LENGTH DATA ELEMENTS--GENERAL INFORMATION
fixed length control field 030303n2003 000 0 eng u
035 ## - SYSTEM CONTROL NUMBER
System control number (Sirsi) u121481
100 ## - MAIN ENTRY--PERSONAL NAME
Personal name Sou, G.
245 ## - TITLE STATEMENT
Title Break the accident chain by safety inspection
260 ## - PUBLICATION, DISTRIBUTION, ETC.
Date of publication, distribution, etc. 2003
490 ## - SERIES STATEMENT
Series statement Building Engineer
Volume/sequential designation 78(2) February 2003, 26-27(2)
520 ## - SUMMARY, ETC.
Summary, etc. Describes the route which can be followed to eliminate accidents. Outlines a 'chain' of circumstances involved in accidents, which can be broken down into the environment, human factors, unsafe acts, unsafe conditions, the accident and injury or damage. Argues that safety inspections can break this chain by providing a safety inspection checklist, which emphasises an employer's responsibilities.
590 ## - LOCAL NOTE (RLIN)
Local note ABS
650 ## - SUBJECT ADDED ENTRY--TOPICAL TERM
Topical term or geographic name entry element ACCIDENTS
650 ## - SUBJECT ADDED ENTRY--TOPICAL TERM
Topical term or geographic name entry element HEALTH AND SAFETY CHECKLISTS
690 ## - LOCAL SUBJECT ADDED ENTRY--TOPICAL TERM (OCLC, RLIN)
Topical term or geographic name as entry element Health and safety
9 (RLIN) 6244
942 ## - ADDED ENTRY ELEMENTS (KOHA)
Suppress in OPAC 0
Holdings
Withdrawn status Lost status Source of classification or shelving scheme Damaged status Not for loan Home library Current library Shelving location Date acquired Total Checkouts Full call number Barcode Date last seen Copy number Price effective from Koha item type
    Dewey Decimal Classification     London London Journal article 03/03/2003   ABS66435 121481-1001 06/08/2019 1 06/08/2019 Journal article